Petit Bac #03 - Pays d'Amérique du Nord - Statistiques

Statistiques générales
  • Ce quiz a été pris 4 471 fois
  • Le résultat moyen est 12 sur 14
Statistiques - réponses
1ère Lettre Pays % Correct
C Canada / Costa Rica / Cuba
99%
E Etats-Unis
94%
H Haïti / Honduras
93%
M Mexique
91%
J Jamaïque
89%
B Bahamas / Barbade / Belize
88%
G Grenade / Guatemala
86%
S Saint-Christophe-et-Niévès / Saint-Vincent-et-les-Grenadines / Sainte-Lucie / Salvador
84%
N Nicaragua
83%
P Panama
83%
A Antigua-et-Barbuda
75%
D Dominique
75%
T Trinité-et-Tobago
72%
R République Dominicaine
68%
Aucun quiz correspondant
Distribution des résultats
% des personnes avec chaque résultat
Percentile par nombre de réponses
Votre historique - résultats
Vous n’avez pas pris ce quiz